000 00614nam a2200253Ia 4500
005 20260121161257.0
008 008 260114s9999 xx 000 0 eng d
020 _a9781315123059
037 _aEBOOK
040 _aCRL
040 _beng
040 _cCRL
041 _2eng
041 _aeng
084 _qCRL
100 _aRhys Davids Caroline
_91042395
245 0 _aRevival: Sakya or Buddhist Origins (1931):
260 _bTaylor and Francis
260 _c1931
856 _uhttp://www.taylorfrancis.com/books/9781315123059
942 _cEBOOK
999 _c1609211
_d1609211